Documentos relativos a una espedición colonial a las cordilleras australes de Chile
সংরক্ষণ করুন:
| প্রধান লেখক: | |
|---|---|
| বিন্যাস: | গ্রন্থ |
| ভাষা: | স্প্যানিশ |
| প্রকাশিত: |
Santiago
Imprenta, Litografía i Encuadernación Barcelona, calle de la Moneda esquina de San Antonio
1913
|
| সংস্করন: | 1a. ed |
| বিষয়গুলি: | |
| ট্যাগগুলো: |
ট্যাগ যুক্ত করুন
কোনো ট্যাগ নেই, প্রথমজন হিসাবে ট্যাগ করুন!
|
MARC
| LEADER | 00000nam a2200000 a 4500 | ||
|---|---|---|---|
| 001 | UCJ4873 | ||
| 003 | CL-VaPUC | ||
| 008 | 070124e19130000CL |||||||||||||||||spa|d | ||
| 082 | 0 | 4 | |a 910.4 |b STE |2 21 |
| 100 | 0 | |a Steffen, Hans |e author |9 509339 | |
| 245 | 1 | 0 | |a Documentos relativos a una espedición colonial a las cordilleras australes de Chile |
| 250 | |a 1a. ed | ||
| 300 | |a 44 p | ||
| 942 | |c BK | ||
| 945 | |d 20070124 00:00:00 |a rinostro | ||
| 260 | |a Santiago |b Imprenta, Litografía i Encuadernación Barcelona, calle de la Moneda esquina de San Antonio |c 1913 | ||
| 500 | |a En p. 44, mapa con el track de la expedición. Empastado junto a otras monografías en un volumen rotulado Folletos Varios. 1811, 1813 y ubicado en CH 860 FOL | ||
| 600 | 0 | 7 | |a VERA, FERMIN |2 CL-VaPUC |9 509340 |
| 650 | 0 | |a Viajes |9 257115 | |
| 650 | 0 | |a Descubrimientos geográficos |9 331933 | |
| 650 | 7 | |a DOCUMENTOS |2 CL-VaPUC |9 366450 | |
| 650 | 7 | |a FUENTES |2 CL-VaPUC |9 255666 | |
| 650 | 0 | |a Mapas |9 260844 | |
| 651 | 0 | |a Chiloé |9 265209 | |
| 651 | 0 | |a Magallanes |9 265180 | |
| 583 | |a last modification |c 20070124 00:00:00 |k Rodrigo Vera | ||
| 999 | |c 320988 |d 320986 | ||
| 952 | |0 0 |1 0 |4 0 |6 910_400000000000000_STE_1913 |7 0 |8 X |9 399636 |a FDOBUD |b FDOBUD |d 2019-11-22 |i 1027255 |o 910.4 STE 1913 |p 1027255 |r 2019-11-22 |w 2019-11-22 |y BK_X |k BUD | ||